| 000 | 00581nam a2200181 4500 | ||
|---|---|---|---|
| 001 | 131335 | ||
| 003 | ES-MaACL | ||
| 005 | 20230906193949.0 | ||
| 007 | t| | ||
| 008 | 070214s1952 sp r ||||1| spa d | ||
| 100 | 1 |
_aRodríguez, Fernando. _998239 |
|
| 245 | 1 | 0 |
_aArte y artistas flamencos / _cFernando el de Triana [seud.] ; con un apéndice de Máximo Díaz de Quijano. |
| 250 | _a2ª. ed. | ||
| 260 |
_aMadrid : _bClan, _c1952. |
||
| 300 |
_aXIII, 199 p., 188 lám. : _bil. ; _c19 cm. |
||
| 700 | 1 |
_aDíaz de Quijano, Máximo. _944247 |
|
| 852 |
_aES-MaACL _jD-7897 _bR.32033 |
||
| 999 |
_c131335 _d131335 |
||